British Kings Before William the Conqueror - Statistics

General Stats
  • This quiz has been taken 20 times
    5 since last reset
  • The average score is 14 of 17
Answer Stats
Reign King % Correct
871-899 Alfred
100%
939-946 Edmund I
100%
1016 Edmund II Ironside
100%
1042-1066 Edward the Confessor
100%
899-925 Edward the Elder
100%
975-978 Edward the Martyr
100%
1035-1040 Harold I Harefoot
100%
1066 Harold II Godwinson
100%
1016-1035 Cnut the Great
75%
946-955 Eadred
75%
955-959 Eadwig
75%
959-975 Edgar the Peaceful
75%
1013-1014 Sweyn Forkbeard
75%
979-1013 Athelred II the Unready
50%
1014-1016 Athelred II the Unready
50%
925-939 Athelstan
50%
1040-1042 Harthacnut
50%
No matching quizzes found
Score Distribution
Percent of People with Each Score
Percentile by Number Answered
Your Score History
You have not taken this quiz since the last reset